[Event "IECG RL.2003.0.00016 email"]
[Site "IECG email"]
[Date "2003.11.03"]
[Round "?"]
[White "Gabor, Balazs"]
[Black "McNally, Tony"]
[Result "0-1"]
[WhiteElo "800"]
[BlackElo "767"]
[PlyCount "33"]
[EventDate "2003.11.03"]
[EventType "tourn (corr)"]
[EventRounds "6"]
[SourceTitle "Corr 2024"]
[Source "ChessBase"]
[SourceDate "2023.10.19"]
[SourceVersion "1"]
[SourceVersionDate "2023.10.19"]
[SourceQuality "1"]

1. e4 c5 2. Nf3 d6 3. d4 cxd4 4. Nxd4 Nf6 5. Nc3 g6 6. Bb5+ Bd7 7. 0-0 Bg7 8. Re1 0-0 9. a4 a6 10. Bc4 Nc6 11. Nxc6 Bxc6 12. Bg5 Qa5 13. Qd2 Nxe4 14. Nxe4 Qxd2 15. Nxd2 Bxb2 16. Rab1 Bc3 17. Rxe7 0-1

[Event "IECG RL.2003.0.00016 email"]
[Site "IECG email"]
[Date "2003.11.03"]
[Round "?"]
[White "Gabor, Balazs"]
[Black "Ravera, Leonardo"]
[Result "1-0"]
[WhiteElo "800"]
[BlackElo "800"]
[PlyCount "45"]
[EventDate "2003.11.03"]
[EventType "tourn (corr)"]
[EventRounds "6"]
[SourceTitle "Corr 2024"]
[Source "ChessBase"]
[SourceDate "2023.10.19"]
[SourceVersion "1"]
[SourceVersionDate "2023.10.19"]
[SourceQuality "1"]

1. e4 e5 2. Nf3 Nc6 3. Bb5 a6 4. Ba4 Nf6 5. 0-0 Be7 6. Re1 b5 7. Bb3 0-0 8. c3 d5 9. exd5 Nxd5 10. Nxe5 Nxe5 11. Rxe5 c6 12. d4 Bd6 13. Re1 Qh4 14. g3 Qh3 15. Be3 Bg4 16. Qd3 Rae8 17. Nd2 Re6 18. a4 Nxe3 19. Rxe3 Rxe3 20. Qxe3 h5 21. Ne4 Re8 22. Nf6+ gxf6 23. Qxe8+ 1-0

[Event "IECG TG.2003.0.15035"]
[Site "IECG email"]
[Date "2003.11.02"]
[Round "1"]
[White "Gabor, Balazs"]
[Black "Crandall, Chris P"]
[Result "1-0"]
[WhiteElo "800"]
[BlackElo "800"]
[PlyCount "39"]
[EventDate "2003.11.02"]
[EventType "match (corr)"]
[EventRounds "2"]
[SourceTitle "Corr 2008"]
[Source "ChessBase"]
[SourceDate "2008.06.24"]
[SourceVersion "1"]
[SourceVersionDate "2008.06.24"]
[SourceQuality "1"]

1. e4 d5 2. Nc3 d4 3. Nce2 e5 4. Ng3 Bc5 5. Nf3 Qd6 6. a3 a5 7. Bc4 h6 8. c3 Nf6 9. cxd4 Bxd4 10. Nxd4 Qxd4 11. d3 0-0 12. Be3 Qxb2 13. Ne2 b6 14. Ra2 Qxa2 15. Bxa2 c5 16. Nc3 Rd8 17. Nd5 Rd6 18. Ne7+ Kf8 19. Nxc8 Rc6 20. Nxb6 1-0